LEADER 00941nam0-22003131i-450- 001 990001105760403321 035 $a000110576 035 $aFED01000110576 035 $a(Aleph)000110576FED01 035 $a000110576 100 $a20000920d1986----km-y0itay50------ba 101 0 $aita 200 1 $aPotenze di dieci$eLe dimensioni delle cose nell'universo ovvero: cosa succede aggiungendo un altro zero$fPhilip e Phylis Morrison con lo studio di Charles e Ray Eamses 210 $aBologna$cZanichelli$d1986 215 $a150 p.$d23 cm 610 0 $aFisica$aOpere generali 676 $a530 700 1$aMorrison,$bPhilip$026874 702 1$aEamses,$bCharles 702 1$aEamses,$bRay 702 1$aMorrison,$bPhilis 801 0$aIT$bUNINA$gRICA$2UNIMARC 901 $aBK 912 $a990001105760403321 952 $aS.20A-191$b17996$fFI1 959 $aFI1 996 $aPotenze di dieci$9337583 997 $aUNINA DB $aING01 LEADER 01234nam--2200361---450- 001 990000514750203316 010 $a88-348-8055-2 035 $a0051475 035 $aUSA010051475 035 $a(ALEPH)000051475USA01 035 $a0051475 100 $a20010618d1978----km-y0itay0103----ba 101 $aita 102 $aIT 105 $a||||||||001yy 200 1 $aTrattato di diritto ecclesiastico italiano$eparte generale$enozioni concettuali introduttive, le fonti, storia e sistemi di relazioni tra Stato e confessioni religiose, la problematica della libertà religiosa, la Chiesa cattolica$fPietro Agostino d'Avack 205 $a2. ed. integralmente rinnovata e aggiornata 210 $aMilano$cGiuffré$d1978 215 $aVI, 520 p.$d26 cm 300 $aSegue: Appendice 410 $12001 676 $a342.450852 700 1$aD'AVACK,$bPietro Agostino$0183135 801 0$aIT$bsalbc$gISBD 912 $a990000514750203316 951 $aIG VI 564$b66185 EC$cIG VI 959 $aBK 969 $aECO 979 $aPATTY$b90$c20010618$lUSA01$h1552 979 $c20020403$lUSA01$h1700 979 $aPATRY$b90$c20040406$lUSA01$h1636 996 $aTrattato di diritto ecclesiastico italiano$9690197 997 $aUNISA LEADER 01120nam0 22002771i 450 001 UON00528983 005 20250708102921.742 010 $a978-36-316-2872-0 100 $a20250708d2014 |0itac50 ba 101 $aeng 102 $aDE 105 $a|||| ||||| 200 1 $aRule-Extension Strategies in Ancient India$eRitual, Exegetical and Linguistic Considerations on the Tantra- and Prasa?ga-Principle$fElisa Freschi, Tiziana Pontillo 210 $aFrankfurt am Main$cPeter Lang$d2013 215 $ax, 177 p.$cill.$d 23 cm 620 $aDE$dFrankfurt am Main$3UONL003175 700 1$aFRESCHI$bElisa$3UONV159832$0866812 701 1$aPONTILLO$bTiziana$3UONV188351$0481763 712 $aPeter Lang$3UONV246217$4650 801 $aIT$bSOL$c20250711$gRICA 899 $aSIBA - SISTEMA BIBLIOTECARIO DI ATENEO$2UONSI 912 $aUON00528983 950 $aSIBA - SISTEMA BIBLIOTECARIO DI ATENEO$dSI SI SHIVA 361 $eSI 52997 7 361 996 $aRule-Extension Strategies in Ancient India$94401718 997 $aUNIOR 998 $a1